000 00606nam a2200229Ia 4500
003 OSt
005 20220923230035.0
006 a|||||r|||| 00| 0
007 ta
008 Pun
024 _a276,956
037 _cTextual
040 _aARTS
_cARTS
_bPun
041 _2Pun
_aPun
082 _aO153,3N09x, J2
100 _aਸਿੰਘ, ਸੁਜਾਨ
245 0 _aਦੁਖ ਸੁਖ ਤੋ੍ਵ ਪਿਛੋ੍ਵ
260 _c1952
650 _aਪੰਜਾਬੀ ਸਾਹਿਤ
942 _hO153,3N09x, J2
_cTEXL
_2CC
999 _c382080
_d382080